• 首页
  • 本馆介绍
  • 公告通知
  • 最新文献
  • 馆藏检索
  • 电子资源
  • 读者荐购
  • 参考咨询
  • CALIS
  • 我的图书馆
  • 登录
  • 详细信息显示
  • 放入我的书架
  • 预约/预借图书
  • 作者相关作品
  • 分类相关作品
  • 丛书相关作品
  • 出版社相关作品

书目信息

  • 表格格式
  • 工作单格式
  • 卡片格式
题名:
战斗的历程
    
 
作者: 刘庆文 , 史延胜 , 朱滨 编著
分册:  
出版信息: 北京   海潮出版社  2006.09
页数: 462页
开本: 24cm
丛书名:
单 册:
中图分类: E297.2
科图分类:
主题词: 二万五千里长征战役战斗--er wan wu qian li chang zheng zhan yi zhan dou--史料
电子资源:
ISBN: 7-80213-232-0
 
 
 
 
 
000 01052nam0 2200265 450
001 003279625
005 20080917144953.12
010    @a7-80213-232-0@dCNY42.80
100    @a20061030d2006 em y0chiy0110 ea
101 0  @achi
102    @aCN@b110000
105    @ay z 000yy
200 1  @a战斗的历程@Azhan dou de li cheng@e中国工农红军长征中的十次经典战役@f朱滨, 刘庆文, 史延胜编著
210    @a北京@c海潮出版社@d2006.09
215    @a462页@d24cm
300    @a红色铁流三部曲
330    @a本书全面阐述了血战湘江、突破乌江、四渡赤水、强渡嘉陵江、抢渡大渡河、飞夺泸定桥、打通包座、乌蒙山回旋战、激战腊子口、奠基直罗镇等二万五千里长征战役战斗。
517 1  @a中国工农红军长征中的十次经典战役@Azhong guo gong nong hong jun chang zheng zhong de shi ci jing dian zhan yi
606 0  @a二万五千里长征战役战斗@Aer wan wu qian li chang zheng zhan yi zhan dou@j史料
690    @aE297.2@v4
701  0 @a刘庆文@Aliu qing wen@4编著
701  0 @a史延胜@Ashi yan sheng@4编著
701  0 @a朱滨@Azhu bin@4编著
801  0 @aCN@c20080917
905    @dE297.2@eZ835
    
    战斗的历程:中国工农红军长征中的十次经典战役/朱滨, 刘庆文, 史延胜编著.-北京:海潮出版社,2006.09
    462页;24cm
    红色铁流三部曲
    
    ISBN 7-80213-232-0:CNY42.80
    本书全面阐述了血战湘江、突破乌江、四渡赤水、强渡嘉陵江、抢渡大渡河、飞夺泸定桥、打通包座、乌蒙山回旋战、激战腊子口、奠基直罗镇等二万五千里长征战役战斗。
●
相关链接 在E读中查询图书 在当当中查询图书 在豆瓣中查询图书


正题名:战斗的历程     索取号:E297.2/Z835         预约/预借

序号 登录号 条形码 馆藏地/架位号 状态 备注
1 676679   206766793   社科库509/509社科库 119排1列6层/ [索取号:E297.2/Z835] 在馆    
2 676680   206766800   社科库509/509社科库 119排1列6层/ [索取号:E297.2/Z835] 在馆    
3 676681   206766819   社科库509/509社科库 119排1列6层/ [索取号:E297.2/Z835] 在馆    
河南城建学院图书馆 欢迎您!
大连网信软件有限公司© 版权所有